000 00191 a2200097 4500
001 18083
100 _aUNESCO
245 _aGrowth and change
260 _a
_bUNESCO
_c
090 _c13377
_d13377
942 _aNUST-CAE
_cM
_c3755
999 _c253156
_d253156